| 000 | 00776nam a22002414a 4500 | ||
|---|---|---|---|
| 001 | ESSALUD | ||
| 007 | ta | ||
| 008 | t2017 pe gr 00| 0 spa d | ||
| 040 | _aESSALUD | ||
| 041 | _aspa | ||
| 043 | _cpe | ||
| 082 |
_a657.3 _bG98E/2015-2016 |
||
| 110 |
_aGutiérrez Ríos y Asociados _eautor _952886 |
||
| 245 | _aSeguro Social de Salud - EsSalud : estados financieros combinados al 31 de diciembre de 2016 y 2015, con el informe de los auditores independientes | ||
| 250 | _a1 ed. | ||
| 260 |
_aLima : _bGutiérrez Ríos y Asociados, _c2017 |
||
| 300 | _a80 páginas | ||
| 650 |
_aESTADOS FINANCIEROS _93290 |
||
| 650 |
_aSEGURIDAD SOCIAL _92070 |
||
| 650 |
_aPERÚ _913 |
||
| 710 |
_aPortal Vega & Asociados _eautor _952888 |
||
| 942 |
_cBK _e2026-06-25 _zAFC |
||
| 999 |
_c22555 _d22555 |
||